|
|
|
|
| LEADER |
01689nam a2200385 a 4500 |
| 001 |
000740131 |
| 003 |
CZ BrMZK |
| 005 |
20191105061713.0 |
| 007 |
ta |
| 008 |
041005s2004 xr er 000 0 cze d |
| 020 |
|
|
|a 80-7283-148-8
|q (brož.)
|
| 040 |
|
|
|a BOA001
|b cze
|
| 043 |
|
|
|a e-xr---
|
| 072 |
|
7 |
|a 006
|x Metrologie. Standardizace
|2 Konspekt
|9 6
|
| 080 |
|
|
|a 616-07:005.71
|2 MRF
|
| 080 |
|
|
|a 005.6
|2 MRF
|
| 080 |
|
|
|a 006
|2 MRF
|
| 080 |
|
|
|a (437.3)
|2 MRF
|
| 080 |
|
|
|a (035)
|2 MRF
|
| 110 |
2 |
|
|a Český institut pro akreditaci
|7 kn20021104005
|
| 245 |
1 |
0 |
|a K aplikaci ČSN EN ISO 15189:2004 Zdravotnické laboratoře - Zvláštní požadavky na jakost a způsobilost v akreditačním systému České republiky /
|c [text zpracoval Český institut pro akreditaci]
|
| 246 |
3 |
3 |
|a Zdravotnické laboratoře - Zvláštní požadavky na jakost a způsobilost v akreditačním systému České republiky
|
| 246 |
3 |
3 |
|a ČSN EN ISO 15189:2004
|
| 260 |
|
|
|a Praha :
|b Český normalizační institut,
|c 2004
|
| 300 |
|
|
|a 50 s. ;
|c 30 cm
|
| 490 |
1 |
|
|a Metodické pokyny pro akreditaci Národního akreditačního orgánu České republiky ;
|v MPA 10-02-04
|
| 504 |
|
|
|a Obsahuje bibliografie
|
| 650 |
0 |
7 |
|a klinické laboratoře
|7 ph121638
|z Česko
|2 czenas
|
| 650 |
0 |
7 |
|a management jakosti
|7 ph115218
|2 czenas
|
| 650 |
0 |
7 |
|a standardizace a normalizace
|7 ph260671
|z Česko
|2 czenas
|
| 655 |
|
7 |
|a příručky
|7 fd133209
|2 czenas
|
| 830 |
|
0 |
|a Metodické pokyny pro akreditaci Národního akreditačního orgánu České republiky
|
| 910 |
|
|
|a BOA001
|b 4-1140.724
|
| 990 |
|
|
|a BK
|
| 996 |
6 |
|
|b 2610229641
|c 4-1140.724
|l Stud. periodik/2.patro
|r SNC
|n 0
|p p.v.
|h 006 MPA
|w 000740131
|u 000010
|a 0
|e BOA001
|j MZK50
|s P
|